Tridsiata tretia verzia návrhu zákona o kolektívnom investovaní bude pravdepodobne konečná

Na návrhu zákona o kolektívnom investovaní pracujú odborníci už od r. 1996. Nový zákon by mal nahradiť zákon č. 248/1992 Zb. o investičných fondoch a investičných spoločnostiach. Návrh zákona mení už aj definíciu niektorých pojmov. V novom zákone bude aj osobitný register subjektov kolektívneho inve...

Celý popis

Uložené v:
Podrobná bibliografia
Hlavný autor: Medžová, Andrea
Médium: Kapitola
Jazyk:Slovak
Predmet:
Tagy: Pridať tag
Žiadne tagy, Buďte prvý, kto otaguje tento záznam!

MARC

LEADER 00000naa a2200000 4500
001 r035207
005 20230921103852.6
041 0 |a slo 
044 |a SK 
245 1 0 |a Tridsiata tretia verzia návrhu zákona o kolektívnom investovaní bude pravdepodobne konečná  |c Andrea Medžová 
520 |a Na návrhu zákona o kolektívnom investovaní pracujú odborníci už od r. 1996. Nový zákon by mal nahradiť zákon č. 248/1992 Zb. o investičných fondoch a investičných spoločnostiach. Návrh zákona mení už aj definíciu niektorých pojmov. V novom zákone bude aj osobitný register subjektov kolektívneho investovania. Nový zákon by mal obnoviť a znovuzískať dôveru investorov. Zákon by mal byť schválený ešte v tomto roku. 
610 2 0 |a investovanie kolektívne 
610 2 0 |a trh kapitálový 
610 2 0 |a investori 
610 2 0 |a zákony 
610 2 0 |a Slovensko 
100 1 |a Medžová, Andrea